书目信息 |
| 题名: |
花境赏析
|
|
| 作者: | 成海钟 主编 | |
| 分册: | 2019 | |
| 出版信息: | 北京 中国林业出版社 2019.09 |
|
| 页数: | 231页 | |
| 开本: | 29cm | |
| 丛书名: | ||
| 单 册: | ||
| 中图分类: | S688.3 | |
| 科图分类: | ||
| 主题词: | 园林植物--yuan lin zhi wu--花境--设计 | |
| 电子资源: | ||
| ISBN: | 978-7-5219-0190-0 | |
| 000 | 00808nam0 2200229 450 | |
| 001 | 0109110152 | |
| 005 | 20201109143551.44 | |
| 010 | @a978-7-5219-0190-0@dCNY98.00 | |
| 100 | @a20200408d2019 em y0chiy50 ea | |
| 101 | 0 | @achi |
| 102 | @aCN@b110000 | |
| 105 | @aa z 000yy | |
| 106 | @ar | |
| 200 | 1 | @a花境赏析@Ahua jing shang xi@h2019@f成海钟主编 |
| 210 | @a北京@c中国林业出版社@d2019.09 | |
| 215 | @a231页@c彩图@d29cm | |
| 330 | @a本书共收录39件花境作品,分林缘花境、路缘花境、岛状花镜三部分。每件作品既有设计的立意、植物材料、又有春、夏、秋三季的实景照片,真实地记载了花境设计、施工、养护的全过程。 | |
| 606 | 0 | @a园林植物@Ayuan lin zhi wu@x花境@x设计 |
| 690 | @aS688.3@v5 | |
| 701 | 0 | @a成海钟@Acheng hai zhong@4主编 |
| 801 | 0 | @aCN@bBJSZM@c20201103 |
| 905 | @b1240006-8@dS688.3@e628(2019)@f3 | |
| 花境赏析.2019/成海钟主编.-北京:中国林业出版社,2019.09 |
| 231页:彩图;29cm |
| ISBN 978-7-5219-0190-0:CNY98.00 |
| 本书共收录39件花境作品,分林缘花境、路缘花境、岛状花镜三部分。每件作品既有设计的立意、植物材料、又有春、夏、秋三季的实景照片,真实地记载了花境设计、施工、养护的全过程。 |
| ● |
| 相关链接 |
|
|
|
|
正题名:花境赏析
索取号:S688.3/628(2019)
 
预约/预借
| 序号 | 登录号 | 条形码 | 馆藏地/架位号 | 状态 | 备注 |
| 1 | 1240006 | 212400061 | 第二样本阅览室/ [索取号:S688.3/628(2019)] | 在馆 | |
| 2 | 1240007 | 212400070 | 第三借阅区/ [索取号:S688.3/628(2019)] | 在馆 | |
| 3 | 1240008 | 212400089 | 第三借阅区/ [索取号:S688.3/628(2019)] | 在馆 |